| 000 | 00449nam a2200157Ia 4500 | ||
|---|---|---|---|
| 008 | 230312s9999||||xx |||||||||||||| ||und|| | ||
| 020 | _a1 86152 608 3 | ||
| 082 |
_a808.02 _bRIL-R |
||
| 100 | _aRiley, Michael | ||
| 245 | 0 | _aResearching and writing dissertations in business and management | |
| 260 |
_bThomson _aCanada _c2000 |
||
| 300 | _a280 | ||
| 546 | _aEng. | ||
| 650 |
_aManagement _vDissertation, Research manual and hand book, |
||
| 942 | _cBK | ||
| 999 |
_c4539 _d4539 |
||